000 00609nam a22002537a 4500
003 UA-OsUOA
001 46109
007 ta
008 20070604b un ||||| |||| 00| 0 ukr d
100 _aБерк Л.
090 _a159.922.7
_bБ48
942 _cBK
040 _aUA-OsUOA
_brus
_cUA-OsUOA
_dUA-OsUOA
245 _aРазвитие ребенка
300 _a1056 с.
955 _a2
041 _arus
080 _a159.922.7
020 _a5-314-00040-7
260 _aСПб
_bПитер
_c2006
250 _n6-е издание
650 7 _a159.9 Психологія
_2UDC
999 _c332205
_d332205